000 00270nam a2200109Ia 4500
008 190216s9999||||xx |||||||||||||| ||und||
100 _aGopalakrishnan C
245 0 _aMahacharihamala
260 _bKairali Childrens Book Trust
650 _aJeeva Charithram
942 _cBK
999 _c25578
_d25578